| 000 | 00564nam a22002057a 4500 | ||
|---|---|---|---|
| 001 | 113767 | ||
| 003 | DR-UNIBE | ||
| 005 | 20250703144630.0 | ||
| 008 | 250623b1972 dr ||||| |||| 00| 0 spa d | ||
| 040 |
_aBIBLIOTECA UNIBE _cBIBLIOTECA UNIBE _erda |
||
| 041 | _aspa | ||
| 082 | _aF-RD 5992 | ||
| 110 | 2 |
_aRepública Dominicana. _bCongreso Nacional _951615 |
|
| 245 | 1 | 0 | _aLey para drogas narcóticas |
| 260 |
_aSanto Domingo : _bCongreso Nacional, _c1972 |
||
| 300 | _a34 páginas | ||
| 650 | 7 |
_2lemb _aDrogas |
|
| 650 | 7 |
_2lemb _aNarcóticos |
|
| 942 |
_2ddc _cMX |
||
| 999 |
_c113767 _d113767 |
||